000 00483nam a2200157 a 4500
001 000039357
005 20201002031618.0
008 130625s1985 dr 000 0 spa d
040 _aDO-SdBNP
_bspa
_cBNPHU
100 1 _aRosental, M. M.
_962202
245 1 0 _aDiccionario de filosofía /
_cM. M. Rosental, P. F. Iudin.
260 _aSanto Domingo :
_bAlfa y Omega,
_c1985.
300 _a498 ;
_c16 cm.
500 _aTraducido del idioma ruso al español
700 1 _aIudin, P. F.
_965561
999 _c38847
_d38847